Sustainable development: the concept and the practical challenge (Record no. 65368)

MARC details
000 -LEADER
fixed length control field 01144cam a2200253 4500
001 - CONTROL NUMBER
control field ABS63147
008 - FIXED-LENGTH DATA ELEMENTS--GENERAL INFORMATION
fixed length control field 000000n2000 000 0 eng u
035 ## - SYSTEM CONTROL NUMBER
System control number (Sirsi) u109489
100 ## - MAIN ENTRY--PERSONAL NAME
Personal name Parkin, S
245 ## - TITLE STATEMENT
Title Sustainable development: the concept and the practical challenge
260 ## - PUBLICATION, DISTRIBUTION, ETC.
Date of publication, distribution, etc. 2000
490 ## - SERIES STATEMENT
Series statement Civil Engineering
Volume/sequential designation 138(special issue 2), 3-8(6)
520 ## - SUMMARY, ETC.
Summary, etc. Looks in some detail at the concept and challenge of sustainable development. Examines the various definitions of 'sustainability' and 'sustainable development' to discover a workable meaning. Highlights the scientific principles of environmental sustainability and uses the five-capital model - natural, human, social, manufactured, financial - to discuss the available resources for achieving sustainable development. Diagrams. References.
590 ## - LOCAL NOTE (RLIN)
Local note ABS
650 ## - SUBJECT ADDED ENTRY--TOPICAL TERM
Topical term or geographic name entry element ENVIRONMENTAL SUSTAINABILITY
650 ## - SUBJECT ADDED ENTRY--TOPICAL TERM
Topical term or geographic name entry element Sustainability
9 (RLIN) 6271
650 ## - SUBJECT ADDED ENTRY--TOPICAL TERM
Topical term or geographic name entry element Environment
9 (RLIN) 6238
650 ## - SUBJECT ADDED ENTRY--TOPICAL TERM
Topical term or geographic name entry element ECONOMIC SUSTAINABILITY
650 ## - SUBJECT ADDED ENTRY--TOPICAL TERM
Topical term or geographic name entry element DEFINITIONS
650 ## - SUBJECT ADDED ENTRY--TOPICAL TERM
Topical term or geographic name entry element RESOURCES
650 ## - SUBJECT ADDED ENTRY--TOPICAL TERM
Topical term or geographic name entry element SUSTAINABLE DEVELOPMENT
690 ## - LOCAL SUBJECT ADDED ENTRY--TOPICAL TERM (OCLC, RLIN)
Topical term or geographic name as entry element DEVELOPMENT-SUSTAINABLE
942 ## - ADDED ENTRY ELEMENTS (KOHA)
Suppress in OPAC 0
Holdings
Withdrawn status Lost status Source of classification or shelving scheme Damaged status Not for loan Home library Current library Shelving location Date acquired Total Checkouts Full call number Barcode Date last seen Copy number Price effective from Koha item type
    Dewey Decimal Classification     London London Journal article 23/11/2000   ABS63147 109489-1001 06/08/2019 1 06/08/2019 Journal article